<?xml version="1.0" encoding="UTF-8"?><?xml-stylesheet type="text/xsl" href="static/style.xsl"?><OAI-PMH xmlns="http://www.openarchives.org/OAI/2.0/" xmlns:xsi="http://www.w3.org/2001/XMLSchema-instance" xsi:schemaLocation="http://www.openarchives.org/OAI/2.0/ http://www.openarchives.org/OAI/2.0/OAI-PMH.xsd"><responseDate>2026-06-06T19:03:50Z</responseDate><request verb="GetRecord" identifier="oai:riuma.uma.es:10630/7293" metadataPrefix="marc">https://riuma.uma.es/rest/oai/request</request><GetRecord><record><header><identifier>oai:riuma.uma.es:10630/7293</identifier><datestamp>2026-02-03T12:01:28Z</datestamp><setSpec>com_10630_2254</setSpec><setSpec>col_10630_37959</setSpec></header><metadata><record xmlns="http://www.loc.gov/MARC21/slim" xmlns:dcterms="http://purl.org/dc/terms/" xmlns:doc="http://www.lyncode.com/xoai" xmlns:xsi="http://www.w3.org/2001/XMLSchema-instance" xsi:schemaLocation="http://www.loc.gov/MARC21/slim http://www.loc.gov/standards/marcxml/schema/MARC21slim.xsd">
   <leader>00925njm 22002777a 4500</leader>
   <datafield ind2=" " ind1=" " tag="042">
      <subfield code="a">dc</subfield>
   </datafield>
   <datafield ind2=" " ind1=" " tag="720">
      <subfield code="a">Robles-Ávila, Sara</subfield>
      <subfield code="e">author</subfield>
   </datafield>
   <datafield ind2=" " ind1=" " tag="260">
      <subfield code="c">2014-03-11</subfield>
   </datafield>
   <datafield ind2=" " ind1=" " tag="520">
      <subfield code="a">¿Cómo pude el docente mantener el compromiso con la comunicación en las clases de gramática? ¿Qué estrategias podemos desarrollar para alcanzar auténticos procesos de comunicación cuando tratamos las conceptualizaciones  en la clase de lenguas extranjeras? El taller presenta propuestas para promover el aprendizaje inferencial de la gramática a partir de fórmulas de observación de muestras de lengua y del cuestionamiento dirigido hacia determinados centros de interés. De este modo, el papel activo del alumno en la formulación de reglas y en la reflexión sobre el sistema lingüístico facilita la fijación de los contenidos y su empleo inmediato en las actividades propiamente comunicativas.</subfield>
   </datafield>
   <datafield ind1="8" ind2=" " tag="024">
      <subfield code="a">http://hdl.handle.net/10630/7293</subfield>
   </datafield>
   <datafield tag="653" ind2=" " ind1=" ">
      <subfield code="a">Gramática</subfield>
   </datafield>
   <datafield ind2="0" ind1="0" tag="245">
      <subfield code="a">El tratamiento de las conceptualizaciones gramaticales en una clase de ELE auténticamente comunicativa</subfield>
   </datafield>
</record>
</metadata></record></GetRecord></OAI-PMH>